000 00772nam a22002777a 4500
001 BR7909227
003 BR-BrBNA
005 20230928090445.0
007 ta
008 230509b bl.||||| |||| 00| 0 por d
040 _aBR-BrBNA
_bpor
_cBiblioteca Nacional de Agricultura
041 _a(Por)
072 _aN10
090 _ N10 BR7909227
100 1 _aBaeta, F. da C.
100 1 _aPeloso, E.J.M. del
100 1 _aHomem, A.C.F.
110 1 _aUniversidade Federal de Vicosa, MG (Brasil). Depto. de Engenharia Agricola
_910981
245 1 _aCustos de construcoes
_bno. 21
260 3 _aVicosa, MG (Brasil):
_c1979.
300 _a57 p.
650 _aINSTALACAO AGRICOLA
650 _aCUSTO OPERACIONAL
909 _a202309
_bLucia
_c55
_dLucia Elande
942 _cBK
999 _c28920
_d28920